02082cam a2200325 a 4500999001500000001000900015003000600024005001700030008004100047010001600088020001500104020001800119035003700137040006500174050002100239082002200260092002100282100002100303245008700324260004700411300003400458505074700492520026701239650002901506650004301535650002001578700002201598942001201620952012401632 c6722d672247013034OCoLC20190119124509.0980818s1998 tnua 000 0 eng  a 99176076 a0849954339 a9780849954337 a(OCoLC)47013034z(OCoLC)39708022 aDLCbengcDLCdBAKERdBTCTAdTXBXLdHNWdYDXCPdOCLCOdOCLCF00aBV4596.G64bS44500a242.68221bS539P0 a242.68bS5396p 1 aSheard, James L.10aPlaying the game :binspiration for life and golf /cJim Sheard & Wally Armstrong. aNashville, Tenn. :bJ. Countryman,cc1998. a127 p. :bcol. ill. ;c22 cm.0 aUnderstanding the game. Purpose : the ultimate aim ; Principles : like a tree ; Priorities : success versus significance ; The swing : a solid foundation ; Planning : survey the land -- Preparing for the game. Practice : no royal road ; Preparation : master an ideal ; Progress : unattainable perfection ; People : lasting impressions -- Playing the game. Play each shot : see it, feel it, trust it ; Strengths : inside every person ; Precision shots : stroke savers ; Putting : fearless finesse ; Power shots : effortless power -- Achieving your potential in the game. Adversity : rejoice in hope ; Perseverance : steady endurance ; Pressure : be at ease ; Character : the infallible test -- Nineteenth hole. Reflections on playing the game. aIn Playing the Game, Wally and Jim vividly illustrate many of the parallels between golf and life. Through this incredible book, they have given golfers and non-golfers alike an opportunity to learn from "18 holes of inspiration" for the course of life and golf. 0aGolfersxReligious life. 0aGolfxReligious aspectsxChristianity. 0aChristian life.1 aArmstrong, Wally. 2ddccBK 00102ddc40708NFICaHMCbHMCcGENd2019-01-19g1560.00l0o242.68 S539Pp007679r2019-01-19 00:00:00w2019-01-19yBK